000 01454namaa22003251i 4500
005 20260506112136.0
008 260506s1994 ua a|||frm||| 000 0 eng d
040 _aEG-GICUC
_beng
_cEG-GICUC
_dEG-GICUC
_erda
041 0 _aeng
_beng
_bara
049 _aDeposite
097 _aM.Sc
099 _aCai01.09.06.M.Sc.1994.Gi.C.
100 0 _aGihan Farouk Shehta,
_epreparation.
245 1 0 _aA Comparative Study Of Different Ceramic Bracket Base Designs Regarding Their Bond Strength And Effect On Enamel Surface /
_cBy Gihan Farouk Shehta; Supervisors Dr. Hisham Afifi, Dr.Essam Susah, Dr. Sanaa Abo Zeid.
246 1 5 _aدراسة مقارنة لـتأثير تصميم مشابك التقويم الحرارية على قوة الإلتصاق والتأثير على سطح الميناء /
264 0 _c1994.
300 _a60 pages :
_billustrations ;
_c30 cm. +
336 _2rda content
_atext
337 _2rdamedia
_aUnmediated
338 _2rdacarrier
_avolume
502 _aThesis (M.Sc.) -Cairo University, 1994.
504 _aBibliography: pages 57-60.
653 0 _aOrthodontics
700 0 _aHisham Afifi
_ethesis advisor.
700 0 _aEssam Susah
_ethesis advisor.
700 0 _aSanaa Abo Zeid
_ethesis advisor.
900 _DDepartment of Orthodontics
_FFaculty of Oral And Dental Medicine
_UCairo University
_b1994
_cHisham Afifi
_cEssam Susah
_cSanaa Abo Zeid
905 _aEman El gebaly
942 _2ddc
_cTH
_e21
_n0
999 _c180022